Central Library OPAC University of Rajshahi

The Fungi which cause plant disease / (Record no. 53231)

MARC details
000 -LEADER
fixed length control field 00691nam a2200229 a 4500
001 - CONTROL NUMBER
control field 53231
003 - CONTROL NUMBER IDENTIFIER
rucl marc code BD-RjUL
005 - DATE AND TIME OF LATEST TRANSACTION
control field 20211209075928.0
008 - FIXED-LENGTH DATA ELEMENTS--GENERAL INFORMATION
fixed length control field 161003r19661913nyua b 000 0 eng
035 ## - SYSTEM CONTROL NUMBER
System control number (BD-RjUL)53351
040 ## - CATALOGING SOURCE
Original cataloging agency DLC
Transcribing agency OWilmC
Modifying agency OCoLC
-- DLC
-- BD-RjUL
Language of cataloging eng
041 ## - LANGUAGE CODE
Language code of text/sound track or separate title eng
082 ## - DEWEY DECIMAL CLASSIFICATION NUMBER
Edition number 23
Classification number 571.92
Author mark and year STF 1966
100 1# - MAIN ENTRY--PERSONAL NAME
Personal name Stevens, Frank Lincoln,
Dates associated with a name 1871-1934.
9 (RLIN) 159107
245 14 - TITLE STATEMENT
Title The Fungi which cause plant disease /
Statement of responsibility, etc. by F. L. Stevens
260 ## - PUBLICATION, DISTRIBUTION, ETC. (IMPRINT)
Place of publication, distribution, etc. New York :
Name of publisher, distributor, etc. The Macmillan Company,
Date of publication, distribution, etc. 1913 [reprinting 1966]
300 ## - PHYSICAL DESCRIPTION
Pagination ix, 754 p. :
Illustrations ill. ;
Size 23 cm.
500 ## - GENERAL NOTE
General note Includes Index
650 #0 - SUBJECT ADDED ENTRY--TOPICAL TERM
Topical term or geographic name as entry element Plant diseases.
9 (RLIN) 116935
942 ## - ADDED ENTRY ELEMENTS (KOHA)
Source of classification or shelving scheme Dewey Decimal Classification
Koha item type Books
Holdings
Lost status Source of classification or shelving scheme Damaged status Not for loan Collection code Permanent Location Current Location Shelving location Date acquired Source of acquisition Total Checkouts Full call number Date last seen Copy number Koha item type Cost, normal purchase price
  Dewey Decimal Classification     Non-fiction Central Library, University of Rajshahi Central Library, University of Rajshahi   24/10/1970 Sweets and Zeithlinger   571.92 STF 1966 04/10/2016 C-2 Books  
  Dewey Decimal Classification   Not For Loan Non-fiction Central Library, University of Rajshahi Central Library, University of Rajshahi Reading Room 11/05/1970 Zeitlinger   571.92 STF 1966 14/03/2017 C-1 Books 51.00